| 000 | 01118cab a2200265 4500 | ||
|---|---|---|---|
| 001 | ABS51767 | ||
| 008 | 090401t1994 xxu||||| |||| 00| 0 eng d | ||
| 035 | _a(Sirsi) u43310 | ||
| 041 | _aeng | ||
| 100 | _aBaker, C. | ||
| 245 | 2 | _aA challenge to Dallhold | |
| 260 | _c1994 | ||
| 350 | _a0 | ||
| 490 |
_aGuardian Gazette _v91(42) 16 November 1994, 23-24(2) |
||
| 520 | _aDiscusses the decisions in "Dallhold Estates (UK) Pty Ltd v Lindsey Trading Properties Inc." (ABS46606 and ABS50688) in relation to Landlord and Tenant Act 1987 s48, in that any notice has to be in writing and has to state that the address given is the address at which notices might be served on the landlord. Also highlights "Rogan v Woodfield Building Services Ltd" (WB3031-46). | ||
| 650 | _aDALLHOLD ESTATES (UK) PTY V LINDSEY TRADING PROPERTIES | ||
| 650 | _aLANDLORD AND TENANT ACT 1954 | ||
| 650 | _aLANDLORD AND TENANT ACT 1987 S48 | ||
| 650 | _aNOTICES | ||
| 650 | _aROGAN V WOODFIELD BUILDING SERVICES LTD | ||
| 650 | _aSERVING NOTICES | ||
| 690 | _aPROPERTY-LANDLORD AND TENANT | ||
| 942 | _n0 | ||
| 948 | _c04/03/1997 | ||
| 999 |
_c27677 _d27677 |
||